La metafísica oriental /

Αποθηκεύτηκε σε:
Λεπτομέρειες βιβλιογραφικής εγγραφής
Κύριος συγγραφέας: Guénon, René (autor)
Μορφή: Βιβλίο
Γλώσσα:Ισπανικά
Έκδοση: Palma de Mallorca, España : José J. de Olañeta, 1998, c1998
Σειρά:(Sophia Perennis ; 16)
Θέματα:
Ετικέτες: Προσθήκη ετικέτας
Δεν υπάρχουν, Καταχωρήστε ετικέτα πρώτοι!

MARC

LEADER 00000nam^a2200000^a^4500
001 000066380
005 20250521000000.0
009 20260310091213.158
020 |a 84-7651-457-3 
037 |a Acervo ITESO - Biblioteca 
041 |a ESP 
082 |a 294.  |b GUE 
100 |a Guénon, René  |e (autor) 
245 1 3 |a La metafísica oriental /  |c R. Guénon ; tr. por Victoria Argimón. 
264 4 |a Palma de Mallorca, España :  |b José J. de Olañeta,  |c 1998, c1998 
300 |a 47 p. 
336 |a texto  |b txt  |2 rdacontenido 
337 |a sin mediación  |b n  |2 rdamedio 
338 |a volumen  |b nc  |2 rdasoporte 
440 1 |a (Sophia Perennis ;  |v 16) 
500 |a Traducción de: La métaphysique orientale 
649 |a XX 
650 |a Metafísica 
650 |a Religión -  |x Filosofía 
650 |a Filosofías Orientales 
910 |a Fondo General 
920 |a Impresos - Libros 
930 |a Colección General 
905 |a 101 
901 |a 0500021495  |b IT1  |c ACC  |u 20250521 
902 |a https://opac.biblio.iteso.mx/vufind/Record/000066380